| 000 | 00669nam a2200217Ia 4500 | ||
|---|---|---|---|
| 003 | GCL | ||
| 008 | 140319s9999 xx 000 0 ara d | ||
| 040 |
_aGCL / _cGCL |
||
| 082 | 0 | 4 |
_aق _b932.07 _bم ب |
| 100 | 1 | _aمحمد حماد | |
| 245 | 1 | 0 |
_aكامس : بطل من مصر القديمة ينتصر فى حرب التحرير الاولى على الهكسوس / _cمحمد حماد |
| 260 |
_a[S.N] : _bدار المطبوعات المصرية |
||
| 300 | _a99 ص | ||
| 490 | _a | ||
| 650 | 0 | 4 | _aمصر القديمة |
| 650 | 0 | 4 | _aالجيش |
| 650 | 0 | 4 | _aالدولة الوسطى |
| 650 | 0 | 4 | _aكامس |
| 650 | 0 | 4 | _aالهكسوس |
| 942 |
_2ddc _cBK |
||
| 999 |
_c36482 _d36482 |
||